| 000 | 00661nam a2200217Ia 4500 | ||
|---|---|---|---|
| 008 | 150520s9999 xx 000 0 und d | ||
| 050 | _aLC 4704.5 | ||
| 050 | _b.R175 2015 | ||
| 100 | _aRamos, Zach C. | ||
| 245 | 2 | _aA case study on the sibling rivalry that exist among students with intellectual disability / | |
| 245 | _cZach C. Ramos. | ||
| 260 | _aLas Piñas, Philippines : | ||
| 260 | _bSISC, | ||
| 260 | _c2015. | ||
| 300 | _a35 pages : | ||
| 300 | _billustrations ; | ||
| 300 | _c28 cm. | ||
| 500 | _aIncludes bibliographical references and appendices. | ||
| 650 | _aBehavior disorders in children | ||
| 650 | _aSocial skills in children | ||
| 999 |
_c284079 _d284079 |
||